[Event "SVK ECo-C Extraliga 2021-22"]
[Site "Slovakia"]
[Date "2022.03.12"]
[Round "5.2"]
[White "Nemeth, Miklos"]
[Black "Kraus, Tomas"]
[Result "1/2-1/2"]
[WhiteElo "2449"]
[BlackElo "2477"]
[Annotator "TA"]
[PlyCount "55"]
[EventDate "2021.10.21"]
[EventType "team-tourn"]
[EventCountry "SVK"]
[SourceTitle "playchess.com"]
[Source "ChessBase"]
[SourceQuality "1"]

{[%evp 11,55,27,31,22,22,22,31,0,0,0,5,0,0,0,0,0,64,12,1,0,0,0,0,0,11,6,7,5,4,-19,-10,-12,8,-33,7,-30,7,7,7,7,7,0,0,0,0,0]} 1. e4 c5 2. Nf3 {[%cal Bg1f3,Bf3d4,Bd4b5,Bb5d6][%mdl 32]} e6 3. d4 cxd4 4. Nxd4 Nf6 5. Nc3 Nc6 6. Ndb5 Bc5 7. Nd6+ {B45: Sicilian Four Knights.} Ke7 $1 8. Bf4 {Na4 is the strong threat.} e5 9. Nxc8+ {White is slightly better.} Rxc8 10. Bg5 {Black should prevent Nd5+.} Bb4 $1 11. Bd3 Bxc3+ 12. bxc3 {[#]} Qc7 $146 ({Predecessor:} 12... h6 13. Bxf6+ gxf6 14. O-O Qa5 15. c4 Rhg8 16. f4 exf4 17. Rxf4 Ne5 18. Qf1 Rg6 {1-0 (60) Vergara Jofre,F (2167)-Perpinya Rofes,L (2384) Sabadell 2017}) 13. O-O {[%cal Bh1f1,Bf1b1,Bb1b5][%mdl 32]} Nd8 ({Black should try} 13... h6 $11 14. Bxf6+ gxf6) 14. Be3 {White is more active.} (14. f4 $1 $14 Ne6 15. fxe5 Qxe5 16. Bh4 (16. Rf5 Qxc3 17. Bh4 d6 $16) 16... Qxc3 17. Rf5) 14... Ne6 $11 15. Qf3 Rhe8 16. c4 Kf8 17. Rfb1 ({Don't go for} 17. Bxa7 $2 b6 18. Bxb6 Qxb6 $19) 17... Qb8 18. Rb5 d6 19. Rab1 Re7 20. Qd1 Nc5 21. f3 Nfd7 22. Bf1 (22. a4 $11 {should be considered.}) 22... Rc6 23. Qd2 {[%cal Oa2a4]} (23. a4 $5) 23... Qc7 24. a4 {The position is equal.} a6 25. R5b2 a5 26. c3 Re8 27. Rb5 Ra8 28. Qc2 {A balanced but interesting game.  Weighted Error Value: White=0.11 (very precise) /Black=0.07 (flawless)} 1/2-1/2

[Event "SVK ECo-C Extraliga 2021-22"]
[Site "Slovakia"]
[Date "2022.03.12"]
[Round "5.2"]
[White "Haring, Filip"]
[Black "Kriebel, Tadeas"]
[Result "1/2-1/2"]
[WhiteElo "2425"]
[BlackElo "2519"]
[Annotator "TA"]
[PlyCount "76"]
[EventDate "2021.10.21"]
[EventType "team-tourn"]
[EventCountry "SVK"]
[SourceTitle "playchess.com"]
[Source "ChessBase"]
[SourceQuality "1"]

{[%evp 14,76,-9,-20,0,0,20,19,22,18,29,40,39,40,42,29,35,19,19,19,29,0,0,0,0,0,0,0,0,0,0,0,16,12,20,0,0,0,0,0,0,0,0,0,0,0,0,0,0,0,0,0,0,0,0,0,17,17,17,17,17,17,17,8,8]} 1. e4 e5 2. Nf3 Nc6 3. d4 exd4 4. Nxd4 Nf6 5. Nxc6 bxc6 6. e5 Qe7 7. Qe2 Nd5 8. h4 (8. c4 $5 {[%cal Rc4d5]} Nb6 9. b3 $11) 8... d6 {C45: Scotch Game.} 9. c4 Nb6 10. exd6 Qxe2+ 11. Bxe2 cxd6 12. Bf3 d5 13. cxd5 {[#]} Nxd5 $146 ({Predecessor:} 13... cxd5 14. Nc3 Be6 15. b3 Rc8 16. Nb5 a6 17. Nd4 Bb4+ 18. Bd2 Ba3 19. Be3 Bb2 {½-½ (29) Nestorovic,N (2476)-Panchanathan,M (2480) Charlotte 2018}) 14. O-O Be7 15. Re1 Be6 16. Nc3 Rb8 17. a3 (17. g3 {looks sharper.} a5 18. Nxd5 cxd5 19. Bf4 Rb5 20. b3) 17... Bxh4 {The position is equal.} 18. Nxd5 cxd5 19. Bxd5 O-O 20. Bxe6 fxe6 21. g3 Bf6 22. Rxe6 Bd4 23. Re2 Rbe8 24. Rxe8 Rxe8 $11 {[%mdl 4096] Endgame KRB-KRB} 25. Kf1 {[%cal Oc1e3] Prevents Re1+.} Rf8 26. f4 Rb8 27. a4 Kf7 28. Ra3 Ke6 29. Be3 Bxb2 30. Bxa7 Rb7 31. Re3+ Kd5 32. Re2 Rxa7 33. Rxb2 Rxa4 {KR-KR} 34. Rb7 g6 35. Rxh7 {[#] Re7 is the strong threat.} Ke6 {Inhibits Re7+.} 36. Kg2 $1 g5 37. Rh6+ Kf7 $1 (37... Kf5 $2 38. Rh5 $18) 38. f5 {Strongly threatening Kf3.} g4 {Weighted Error Value: White=0.03 (flawless) /Black=0.03 (flawless)} 1/2-1/2

[Event "SVK ECo-C Extraliga 2021-22"]
[Site "Slovakia"]
[Date "2022.03.12"]
[Round "5.2"]
[White "Pulpan, Jakub"]
[Black "Piesik, Piotr"]
[Result "1/2-1/2"]
[WhiteElo "2420"]
[BlackElo "2418"]
[Annotator "TA"]
[PlyCount "76"]
[EventDate "2021.10.21"]
[EventType "team-tourn"]
[EventCountry "SVK"]
[SourceTitle "playchess.com"]
[Source "ChessBase"]
[SourceQuality "1"]

{[%evp 9,76,-6,-10,-8,0,1,51,-4,30,29,41,22,0,0,0,-11,-16,0,-13,-5,-7,-41,5,0,0,0,0,8,6,-28,0,0,0,0,0,0,0,0,0,-33,-19,-25,-13,-29,0,0,0,0,0,0,0,0,0,0,0,0,0,0,0,0,0,0,0,0,0,0,0,0,0]} 1. e4 e6 2. Qe2 Be7 3. Qg4 Bf8 4. Qe2 Be7 5. f4 d5 6. d3 {[%cal Bd2d3,Bd3e4,Be4e5][%mdl 32] C00: French: Unusual White 2nd moves.} dxe4 7. dxe4 b6 (7... c5 $11) 8. Nf3 {[#]} (8. Bd2 $14) 8... Bb7 $146 ({Predecessor:} 8... Ba6 9. c4 Nc6 10. Nc3 Qd7 11. Bd2 O-O-O 12. O-O-O Nf6 13. e5 Nd5 14. cxd5 Bxe2 15. dxc6 Qxc6 16. Bxe2 Bb4 {0-1 (38) Khouseinov,R (2341)-Djuraev,S (2374) Tashkent 2011}) 9. Nc3 Nf6 10. e5 Nd5 11. Ne4 Nd7 12. a3 {[#] Black must now prevent c4.} Nc5 $1 13. Nxc5 Bxc5 14. Bd2 a5 15. Rd1 {aiming for c4.} a4 (15... Qd7 $1 $15) 16. Qe4 {[#] Hoping for c4.} Bc6 {[%cal Od5b4]} 17. Nd4 Bxd4 18. Qxd4 Ne7 19. Qc4 Qd5 (19... O-O {with more complications.} 20. Qe2 Qe8 21. h4 Rd8 22. Bb4 Bb7) 20. Qxd5 Bxd5 21. Kf2 c5 22. Bd3 O-O-O 23. Be3 h5 24. Rb1 Bc6 25. Rhd1 Kc7 26. h4 g6 27. g3 {The position is equal.} Nd5 28. Be2 Rd7 29. c4 Ne7 30. Rxd7+ Bxd7 31. Rd1 Bc6 32. Bd3 Rg8 33. Bc2 Nf5 34. Rd2 Nh6 35. Ke1 Ng4 36. Bg1 Ra8 37. Ke2 Bb7 38. Kd3 Nh6 {Weighted Error Value: White=0.08 (flawless) /Black=0.07 (flawless)} 1/2-1/2

[Event "SVK ECo-C Extraliga 2021-22"]
[Site "Slovakia"]
[Date "2022.03.12"]
[Round "5.3"]
[White "Sipos, Istvan"]
[Black "Lanc, Alois"]
[Result "1-0"]
[WhiteElo "2476"]
[BlackElo "2309"]
[Annotator "TA"]
[PlyCount "50"]
[EventDate "2021.10.21"]
[EventType "team-tourn"]
[EventCountry "SVK"]
[SourceTitle "playchess.com"]
[Source "ChessBase"]
[SourceQuality "1"]

{[%evp 11,50,44,40,21,37,26,23,27,28,-6,38,21,27,15,76,64,111,105,117,126,104,60,322,285,788,789,732,755,1197,1192,1177,1157,1099,816,752,752,733,725,687,668,1641]} 1. e4 e5 2. Nf3 Nc6 3. Bb5 f5 4. d3 fxe4 5. dxe4 Nf6 6. O-O d6 7. a3 {C63: Ruy Lopez: Schliemann/Jaenisch Defence.} Be7 8. Bc4 Bg4 9. h3 {White has an edge.} Bh5 10. Qd3 Qd7 (10... Nd7 $11 {is more appropriate.}) 11. Nc3 {[#]} O-O-O $146 ({Predecessor:} 11... Rf8 12. Re1 a6 13. b4 h6 14. Nh4 Bf7 15. Nf5 Bxc4 16. Qxc4 Rf7 17. Nd5 Kf8 {½-½ (43) Vitiugov,N (2722)-Artemiev,V (2708) Sochi 2020}) 12. Ng5 {Be6 is the strong threat.} Nd4 {Inhibits Be6.} (12... Kb8 $1 $11) 13. Be3 $36 {[%cal Bc1e3,Be3d4,Bd4a7][%mdl 2080] White has the initiative.} h6 (13... d5 $1 $14 14. Bxd5 Nxd5 15. Nxd5 Be2) 14. Bxd4 {And now Be6 would win.} hxg5 (14... exd4 $2 15. Be6 $1 dxc3 16. Bxd7+ $18) 15. Bxa7 {Hoping for f3.} g4 {[#]} 16. h4 {White is more active.} ({White should play} 16. hxg4 $1 $16 Bxg4 17. f3) 16... g5 $2 {[%mdl 8192] This move loses the game for Black.} (16... Bg6 $14) 17. hxg5 $18 {Threatens to win with Bb5.} Nh7 $2 (17... Rdf8 18. gxf6 Bxf6) 18. Nd5 {White is clearly winning.} Nxg5 19. Bb5 Nf3+ 20. gxf3 gxf3 21. Bxd7+ Kxd7 22. Qb5+ Ke6 23. Nxc7+ Kf6 24. Nd5+ Kf7 25. Rfd1 (25. Qxb7 $2 {leads to mate.} Rdg8+ 26. Kh2 Bg6+ 27. Kg3 Bxe4#) 25... b6 {Weighted Error Value: White=0.14 (very precise) /Black=0.48} 1-0

[Event "SVK ECo-C Extraliga 2021-22"]
[Site "Slovakia"]
[Date "2022.03.12"]
[Round "5.3"]
[White "Zwardon, Vojtech"]
[Black "Kozak, Adam"]
[Result "0-1"]
[WhiteElo "2468"]
[BlackElo "2525"]
[Annotator "TA"]
[PlyCount "48"]
[EventDate "2021.10.21"]
[EventType "team-tourn"]
[EventCountry "SVK"]
[SourceTitle "playchess.com"]
[Source "ChessBase"]
[SourceQuality "1"]

{[%evp 13,48,-5,0,0,0,0,0,0,10,6,17,12,11,11,13,10,15,15,11,4,9,0,54,31,113,123,110,119,112,-1155,-1095,-1179,-1179,-1156,-1076,-1057,-1001]} 1. c4 e6 2. Nf3 Nf6 3. Nc3 b6 4. g3 Bb7 5. Bg2 Be7 6. O-O O-O 7. Qc2 c5 $1 {The main line 7...c5 scores better than 7...d5.} 8. Rd1 {A17: English Opening: 1...Nf6 with ...Bb4.} Nc6 9. b3 Rc8 10. Bb2 {The position is equal.} Qc7 11. Rac1 Qb8 {[#]} 12. e4 $146 ({Predecessor:} 12. Qb1 Qa8 13. e4 h6 14. d4 Nxd4 15. Nxd4 cxd4 16. Rxd4 Bc5 17. Rd2 Bc6 18. Re1 {0-1 (45) Boehm,M-Steinmetzer,T (2114) Dortmund 2010}) 12... Ng4 13. h3 Nge5 14. Nxe5 Nxe5 15. Ne2 f5 16. f4 Nc6 17. a3 {Prevents Nb4.} fxe4 (17... Qa8 $11) 18. Bxe4 $14 Nd4 ({Better is} 18... Bf6 $14) 19. Bxh7+ $16 ({Don't play} 19. Nxd4 cxd4 20. Re1 (20. Bxd4 Bxe4 21. Qxe4 Bxa3 $14) (20. Bxh7+ Kh8 $16) 20... Bxe4 21. Rxe4 (21. Qxe4 b5 $14) 21... b5 $14) 19... Kh8 20. Nxd4 cxd4 21. Bxd4 $2 {[%mdl 8192] [#] White does not recover from this.} (21. Rf1 $16) 21... Rxf4 $1 $19 {[%mdl 512] Black is clearly winning.} 22. Bxg7+ (22. gxf4 Qxf4) 22... Kxg7 23. Qg6+ Kh8 {[%cal Ob8e5] ( -> ...Qe5!)} 24. Rf1 {[#]} Be4 $1 {[%mdl 512] Weighted Error Value: White=0.28 (precise) /Black=0.17 (very precise)} 0-1

[Event "SVK ECo-C Extraliga 2021-22"]
[Site "Slovakia"]
[Date "2022.03.12"]
[Round "5.3"]
[White "Horvath, Jozsef"]
[Black "Bagi, Mate"]
[Result "1/2-1/2"]
[WhiteElo "2426"]
[BlackElo "2474"]
[Annotator "TA"]
[PlyCount "35"]
[EventDate "2021.10.21"]
[EventType "team-tourn"]
[EventCountry "SVK"]
[SourceTitle "playchess.com"]
[Source "ChessBase"]
[SourceQuality "1"]

{[%evp 13,35,18,14,8,12,16,0,0,20,25,29,10,15,0,6,20,12,5,11,-16,-19,-20,7,-16]} 1. Nf3 Nf6 2. c4 b6 3. g3 Bb7 4. Bg2 g6 5. b3 Bg7 6. Bb2 O-O 7. O-O e6 8. e3 {A15: English Opening: 1...Nf6.} d5 9. cxd5 exd5 10. Nc3 Nbd7 {[%cal Bb8d7,Bd7f8,Bf8e6][%mdl 32]} 11. Rc1 c6 12. d4 (12. Ne2 {looks sharper.} a5 13. Nf4 Qe7 14. h4 Rfe8 15. d3) 12... Re8 {The position is equal.} 13. Nd2 {[#]} a5 $146 ({Predecessor:} 13... Rc8 14. Re1 Nf8 15. b4 Ne6 16. a4 h5 17. h4 c5 18. bxc5 bxc5 19. dxc5 Nxc5 20. Nb3 Qb6 21. Nxc5 Qxb2 22. Nxb7 Rxc3 {½-½ (22) Trifunovic,P-Portisch,L Palma de Mallorca 1966}) 14. Re1 Nf8 15. a3 Ne6 16. b4 axb4 17. axb4 Qd6 18. Qb3 {A rather calm draw.  Weighted Error Value: White=0.07 (flawless) /Black=0.06 (flawless)} 1/2-1/2

[Event "SVK ECo-C Extraliga 2021-22"]
[Site "Slovakia"]
[Date "2022.03.12"]
[Round "5.3"]
[White "Roubalik, Jakub"]
[Black "Berezjuk, Sergej"]
[Result "1/2-1/2"]
[WhiteElo "2389"]
[BlackElo "2395"]
[Annotator "TA"]
[PlyCount "97"]
[EventDate "2021.10.21"]
[EventType "team-tourn"]
[EventCountry "SVK"]
[SourceTitle "playchess.com"]
[Source "ChessBase"]
[SourceQuality "1"]

{[%evp 9,97,28,26,22,29,15,30,18,29,33,26,33,31,19,19,0,0,0,19,16,27,20,19,0,0,-25,0,-9,-9,-31,-29,-41,0,-21,-9,-4,-21,-30,0,0,8,0,11,-106,-89,-115,89,70,81,66,38,16,11,-29985,81,59,53,51,63,60,87,0,74,82,81,79,83,0,0,0,81,74,93,93,108,89,81,100,154,62,77,31,25,0,0,0,0,0,0,0]} 1. d4 d5 2. c4 e6 3. Nc3 Nf6 4. Nf3 a6 5. cxd5 exd5 6. Bg5 {D37: Queen's Gambit Declined: 5 Bf4.} c6 7. Qc2 Be6 8. e3 {White has an edge.} h6 9. Bf4 {[#]} Nh5 $146 ({Predecessor:} 9... c5 10. dxc5 Bxc5 11. Be2 O-O 12. O-O Nc6 13. Rad1 Qe7 14. Ne5 Rac8 15. Nxc6 Rxc6 {0-1 (33) Sjugirov,S (2680)-Warmerdam,M (2607) Chess.com INT 2022}) 10. Be5 Nd7 11. Bd3 Nxe5 12. Nxe5 Nf6 13. O-O Be7 14. f4 O-O 15. Rad1 Rc8 16. Qe2 c5 17. Kh1 b5 18. dxc5 Rxc5 19. Bb1 (19. e4 $5 {[%cal Re4d5]}) 19... Qc7 20. e4 d4 (20... Rd8 $15 {might be stronger.}) 21. Nd5 Bxd5 22. exd5 Rxd5 23. Qd3 h5 24. a3 Bd6 25. Rc1 Qe7 26. Rc6 (26. Rce1 $11) 26... Rd8 $1 $17 27. Rxa6 Rxe5 (27... Bxe5 $17 {keeps the pressure on.} 28. fxe5 Qxe5) 28. fxe5 $16 {[%mdl 64] Discovered Attack} Qxe5 {[%csl Gd6][%cal Re5h2]} 29. g3 h4 $1 30. Ba2 (30. Qf3 $5 {[%cal Rb1d3]}) 30... hxg3 31. Qg6 $2 {[%mdl 8192] [#]} (31. hxg3 $11 Qe7 32. Rb6) 31... Rd7 $2 (31... Qe2 $1 {mates} 32. hxg3 Qxf1+ 33. Kh2 Qf2+ 34. Kh3 Qf3 35. Bxf7+ Kh8 36. Bd5 Nxd5 37. Qg5 Qh1+ 38. Kg4 Ne3+ 39. Qxe3 dxe3 40. b4 Qe4+ 41. Kh3 Qf3 42. Rxd6 Rxd6 43. Kh4 Rd4+ 44. Kh3 Qh1#) 32. Ra8+ Bf8 {[%cal Oe5e2] Strongly threatening ...Qe2!} 33. Qxg3 {Really sharp!} (33. hxg3 d3 34. Bxf7+ Rxf7 35. Qxd3 Qxb2 $17) 33... Qe4+ 34. Qg2 d3 35. Bb3 ({Better is} 35. Qxe4 $16 {[%cal Of1f6] Threatening mate with Rxf6!} Nxe4 36. Kg2) 35... d2 36. Qxe4 Nxe4 37. Kg2 g6 {[#]} 38. Bc2 (38. Rd1 $1 $16) 38... Nd6 $1 $11 39. b3 {Prevents Nc4.} Rc7 {[#]} (39... Nf5 $11 {keeps the balance.} 40. Kf2 (40. Bxf5 d1=Q $11) 40... Nd4) 40. Bxg6 $1 $16 Rc1 (40... Kg7 41. Bh5) 41. Bh5 Kg7 42. a4 bxa4 43. Rxa4 Kh6 {[#]} (43... Rc5 $142) 44. Be2 (44. Bd1 $1 $16) 44... Re1 $14 45. Kf2 (45. Bd1 $16) 45... Nf5 {Prevents Rh4+. Hoping for ...Bc5+.} 46. Rc4 {Inhibits Bc5+.} (46. Rxe1 Bc5+ 47. Kf3 dxe1=Q 48. Ke4 Qxe2+ 49. Kd5 Qb5 50. Rc4 Bd4+ 51. Ke4 Qb7+ 52. Kd3 Qxb3+) 46... Rxf1+ {The position is equal.} 47. Kxf1 {And now Kf2 would win.} Ne3+ 48. Kf2 Nxc4 49. bxc4 {Weighted Error Value: White=0.38/Black=0.30} 1/2-1/2

[Event "SVK ECo-C Extraliga 2021-22"]
[Site "Slovakia"]
[Date "2022.03.12"]
[Round "5.3"]
[White "Mrva, Martin"]
[Black "Hrabusa, Matej"]
[Result "1-0"]
[WhiteElo "2383"]
[BlackElo "2351"]
[Annotator "TA"]
[PlyCount "93"]
[EventDate "2021.10.21"]
[EventType "team-tourn"]
[EventCountry "SVK"]
[SourceTitle "playchess.com"]
[Source "ChessBase"]
[SourceQuality "1"]

{[%evp 9,93,-20,-14,-35,-37,-44,-24,-29,-24,-24,-20,-19,-25,-18,-10,-17,-26,-10,-12,-23,-25,-19,0,10,6,6,8,0,0,0,41,0,7,0,64,66,77,73,82,76,81,83,87,86,98,27,20,22,19,21,20,16,130,130,129,133,126,25,28,28,52,19,21,10,737,920,902,810,5189,12837,12837,12838,12838,12836,12839,12839,12841,12842,12842,12843,12843,12843,12844,12843,12845,12844]} 1. Nf3 d5 {[%cal Bd7d5,Bd5c4][%mdl 32]} 2. g3 g6 3. c4 dxc4 4. Bg2 Bg7 5. O-O e5 6. Qc2 {A09: Réti Opening: 1 Nf3 d5 2 c4.} Nc6 7. Na3 {[#]} Bf5 $146 ({Predecessor:} 7... Nge7 8. Nxc4 O-O 9. d3 h6 10. Bd2 Be6 11. Rac1 Nd5 12. Qb1 a5 13. Rfd1 Qd7 {0-1 (26) Sredojevic,I (2253)-Tancik,K (2238) Novi Sad 2019}) 8. Qxc4 {[%cal Of3g5] Black has an edge.} Nge7 9. d3 h6 10. Qb5 Qc8 11. Nc4 {[%cal Rf3e5]} a6 12. Qc5 {[%cal Rf3e5]} Qe6 13. e4 {[%cal Be2e4,Be4d5][%mdl 32]} Bg4 14. Ne3 $1 Bxf3 15. Bxf3 Rd8 16. Nd5 $36 {[%mdl 2048] White has some pressure.} Nxd5 17. exd5 Qe7 18. Be3 Qxc5 19. Bxc5 Nd4 (19... Ne7 $11 {might be stronger.}) 20. Bg2 (20. Bxd4 $14 exd4 21. d6) 20... Bf8 21. b4 Bd6 (21... Kd7 $11) 22. f4 $1 $14 b6 23. Bxd6 cxd6 {[#]} 24. fxe5 $1 dxe5 25. Rae1 O-O 26. Rxe5 Rfe8 {[#]} 27. Re4 (27. Rxe8+ $1 $16 Rxe8 28. Rf6) 27... Ne2+ $1 $11 28. Kf2 Nc3 29. Rxe8+ Rxe8 {[%mdl 4096] Endgame KRB-KRN} 30. a3 {Black must now prevent Rc1.} Rd8 (30... Re2+ $1 $11 31. Kg1 Rd2) 31. Rc1 $16 Nxd5 32. Rc6 a5 33. bxa5 ({White should play} 33. b5 $16) 33... bxa5 $11 34. Rc5 Nf6 35. Ke2 ({Of course not} 35. Rxa5 Rxd3 36. Bf3 Kg7 $11) 35... Rb8 36. Rxa5 {And now Ra8 would win.} Ng4 $2 {[%mdl 8192] Black cannot hold the game after this.} (36... Rb2+ $11 37. Kf3 Rd2) 37. Ra8 $18 {White is clearly winning.} Rxa8 38. Bxa8 Nxh2 {KB-KN} 39. a4 {[%cal Ba3a4,Ba4a5,Ba5a6,Ba6a7][%mdl 32]} Ng4 40. d4 Nf6 41. Bc6 Nh5 42. a5 Nxg3+ 43. Kd3 Nh5 44. a6 Nf4+ 45. Kc4 Ne6 46. a7 Nc7 47. d5 {Weighted Error Value: White=0.15 (very precise) /Black=0.18 (very precise)} 1-0

[Event "SVK ECo-C Extraliga 2021-22"]
[Site "Slovakia"]
[Date "2022.03.12"]
[Round "5.3"]
[White "Chlpik, Martin"]
[Black "Mikrut, Dariusz"]
[Result "1-0"]
[WhiteElo "2225"]
[BlackElo "2373"]
[Annotator "TA"]
[PlyCount "63"]
[EventDate "2021.10.21"]
[EventType "team-tourn"]
[EventCountry "SVK"]
[SourceTitle "playchess.com"]
[Source "ChessBase"]
[SourceQuality "1"]

{[%evp 20,63,0,22,9,-16,0,-20,-22,-10,-18,-43,-14,-2,0,-21,-16,-47,0,12,64,91,87,73,137,0,66,-174,-162,-168,-188,-221,-206,-408,-368,-438,-193,-141,0,0,642,620,901,877,843,772]} 1. d4 Nf6 2. c4 e6 3. Nc3 Bb4 4. a3 Bxc3+ 5. bxc3 c5 6. e3 Nc6 7. Bd3 b6 8. Ne2 d6 9. O-O O-O 10. e4 Ne8 11. f4 f5 {E29: Nimzo-Indian: Sämisch: 5...0-0 6 e3 c5 7 Bd3 Nc6.} 12. d5 exd5 {[#]} 13. exf5 $146 ({Predecessor:} 13. cxd5 fxe4 14. Bxe4 Ne7 15. c4 Nf6 16. Bf3 Qe8 17. h3 Ba6 18. Qc2 Qg6 19. Qa4 {0-1 (33) Pedersen,N (2510)-Barrientos Chavarriaga,S (2421) Havana 2006}) 13... dxc4 {The position is equal.} 14. Bxc4+ {[%cal Bd3c4,Bc4d5,Bd5f3][%mdl 32]} Kh8 15. Bd5 Bd7 16. g4 {[%cal Bg2g4,Bg4g5][%mdl 32]} Rc8 17. c4 Qh4 {aiming for ...Nf6.} 18. Bf3 $1 Na5 (18... Nf6 $15 19. Qe1 Qxe1 20. Rxe1 Na5) 19. Ng3 $11 Nxc4 ({Black should try} 19... Qf6 $11 20. Rb1 Nxc4) 20. g5 $1 $14 b5 (20... Bxf5 $2 21. Nxf5 (21. Qd5 Bh3 $11) 21... Rxf5 22. Qd3 $18 (22. Bg4 g6 $16)) 21. Ra2 Nc7 ({Black should play} 21... Rd8) 22. Rg2 ({Better is} 22. Re2 $1 $16 {[%cal Re2e7]}) 22... Rce8 (22... d5 $1 $11) 23. Ne4 $2 (23. Re2 $1 $14 {stays ahead.}) 23... Bxf5 $19 24. Nxd6 Nxd6 25. Qxd6 Ne6 26. Re2 $2 (26. Rgf2 {is a better defense.}) 26... Nd4 27. Re7 Nxf3+ (27... Bh3 $142 28. Qe5 Nxf3+ 29. Rxf3 Qg4+ 30. Kf2 Qg2+ 31. Ke1 Qh1+ 32. Ke2 Qg2+ 33. Ke1 Qg1+ 34. Ke2 Qg2+ 35. Ke1) 28. Rxf3 {[#]} Rd8 (28... Bh3 $1 $17 {Strongly threatening ...Rd8.} 29. Rxe8 Rxe8) 29. Qe5 $40 {[%csl Ge7][%cal Re5g7][%mdl 128] White attacks. Active counter play!} Rd1+ $2 {[%mdl 8192] [#]} (29... Qg4+ $11 30. Kf2 Rg8) 30. Kg2 $1 $18 {[%csl Ge7][%cal Re5g7] White is clearly winning.} Rg8 {...Bg4 is the strong threat.} 31. Qxf5 {White threatens Rh3 and mate.} Rxc1 32. Rh3 {[%mdl 64] Skewer.  Weighted Error Value: White=0.42/Black=0.64} 1-0

[Event "SVK ECo-C Extraliga 2021-22"]
[Site "Slovakia"]
[Date "2022.03.12"]
[Round "5.4"]
[White "Bokros, Albert"]
[Black "Borosova, Zuzana"]
[Result "1-0"]
[WhiteElo "2447"]
[BlackElo "2259"]
[Annotator "TA"]
[PlyCount "85"]
[EventDate "2021.10.21"]
[EventType "team-tourn"]
[EventCountry "SVK"]
[SourceTitle "playchess.com"]
[Source "ChessBase"]
[SourceQuality "1"]

{[%evp 16,85,9,-14,26,-16,-9,-32,-33,-38,-22,-41,-47,-91,-73,-79,-58,-65,-46,-77,-37,-79,-26,-56,0,5,21,0,13,-29,0,0,0,-29,-34,-17,-24,-33,-35,-23,-20,-10,0,0,0,-31,366,364,358,357,639,633,597,569,1075,1084,1072,1008,995,973,873,861,1108,1077,2016,3829,1142,914,5393,2016,29983,1585]} 1. e4 e5 2. Nf3 Nc6 3. Bb5 a6 4. Ba4 Nf6 {[%cal Bg8f6,Bf6d7,Bd7c5][%mdl 32]} 5. d3 d6 6. c4 g6 7. Nc3 Bg7 8. O-O O-O 9. h3 Nd7 {C77: Ruy Lopez: 3...a6 4 Ba4 Nf6, unusual lines.} 10. Be3 (10. Bg5 $142 f6 11. Be3) 10... Nd4 $11 11. Bxd4 exd4 {Black is slightly better.} 12. Ne2 {[#]} Nc5 $146 ({Predecessor:} 12... c5 13. Nf4 Nb6 14. Bc2 Qf6 15. Nd5 Nxd5 16. exd5 b5 17. Nd2 Rb8 18. b3 Qd8 19. Re1 Bh6 20. Re2 Bd7 21. Kh2 Qh4 22. Qe1 Rfe8 23. Re4 Qf4+ {0-1 (23) Degardin,S (2197)-Bailet,P (2503) Avoine 2018}) 13. b4 Ne6 14. Qd2 (14. a3 $15 {deserves consideration.}) 14... f5 $17 15. exf5 Rxf5 16. Nh2 Qf8 17. f4 {[%cal Oc4c5]} Bh6 {[%cal Re6f4]} 18. g3 (18. Ng4 $15) 18... c5 (18... a5 $17 {And now ...axb4 would win.} 19. a3 c6) 19. a3 Rh5 (19... Rf7 $15) 20. h4 $11 Nc7 21. bxc5 dxc5 {[%cal Oh5e5]} 22. Rab1 (22. Nf3 {might be stronger.}) 22... Qd6 {[%cal Ob7b5]} 23. Nf3 Rf5 {[%cal Ob7b5]} 24. Qb2 (24. Ng5 {is more complex.} Bxg5 25. fxg5 Rxf1+ 26. Rxf1 Bf5 27. Qf4) 24... b5 25. cxb5 axb5 26. Bxb5 Nxb5 27. Qxb5 Rxa3 28. Ne5 Ra2 29. Rf2 {[%cal Oe2d4] [#] aiming for Nxd4!} Be6 30. Nc4 {Pair of Knights!} Qd7 {[%mdl 8192] Black cannot hold the game after this.} (30... Qe7 $15 {keeps the upper hand.}) 31. Qxd7 $18 Bxd7 32. Nxd4 $1 Rxf2 $2 (32... Ra8) 33. Nxf5 Bxf5 34. Kxf2 Bxd3 {[%mdl 4096] Endgame KRN-KB} 35. Rb8+ Bf8 36. Ne5 Bf5 37. g4 Be6 38. Ke3 {[#] Ke4 is the strong threat.} Kg7 39. Rb7+ Kg8 40. Ke4 Ba2 41. f5 gxf5+ 42. gxf5 (42. Kxf5 $142 Bd6 43. Kf6 Bxe5+ 44. Kxe5) 42... h6 43. Rb8 {Weighted Error Value: White=0.18 (very precise) /Black=0.96} (43. Rb2 $142 Bc4 44. Nxc4 Bg7 45. Ne5 Bf6 46. Rg2+ Kf8 47. Nd7+ Ke7 48. Nxf6) 1-0

[Event "SVK ECo-C Extraliga 2021-22"]
[Site "Slovakia"]
[Date "2022.03.12"]
[Round "5.4"]
[White "Stohl, Igor"]
[Black "Jurcik, Marian"]
[Result "1/2-1/2"]
[WhiteElo "2447"]
[BlackElo "2412"]
[Annotator "TA"]
[PlyCount "39"]
[EventDate "2021.10.21"]
[EventType "team-tourn"]
[EventCountry "SVK"]
[SourceTitle "playchess.com"]
[Source "ChessBase"]
[SourceQuality "1"]

{[%evp 19,26,20,13,21,21,12,2,11,21]} 1. d4 {Mikhalchishin,Adrian} d6 2. Nf3 g6 3. c4 Bg7 4. Nc3 e5 5. g3 Nd7 6. Bg2 Ne7 7. O-O O-O 8. e4 exd4 9. Nxd4 Nc6 10. Nde2 a5 {The position is equal.} 11. Be3 {A42: Modern Defence: Averbakh Variation.} Nc5 12. Rb1 a4 13. f4 Be6 {[#] A rather calm draw.  Weighted Error Value: White=0.03 (flawless) /Black=0.00 (flawless)} {Predecessor:} 14. Nd5 $146 Bg4 15. h3 Bxe2 16. Qxe2 Re8 17. e5 Nd7 18. Qf2 dxe5 19. f5 Nd4 20. f6 {0-1 (46) Cmilyte,V (2514)-Paehtz,E (2474) Antakya 2010 CBM 140 [Mikhalchishin,Adrian]} 1/2-1/2